| 000 | 00484cam a22001571 4500 | ||
|---|---|---|---|
| 082 |
_a694 _bLAI _cL-24, P-3 |
||
| 100 | 1 |
_aLair, Elbert A. _945605 |
|
| 245 | 1 | 0 | _aCarpentry for the building trades. |
| 260 |
_aNew York, _bMcGraw-Hill Book Co. _c[1947] |
||
| 300 |
_avii, 188 p. _bdiagrs., plans. _c24 cm. |
||
| 500 | _a"List of visual aids": p. 177-182. | ||
| 526 |
_a0 _b0 _c0 _d694_000000000000000_LAI |
||
| 650 | 0 |
_aBuilding, Wooden. _925296 |
|
| 650 | 0 | _aCarpentry. | |
| 942 |
_2ddc _cBK |
||
| 999 |
_c549086 _d549086 |
||